| 000 | 00541nam a2200205Ia 4500 | ||
|---|---|---|---|
| 005 | 20250508161856.0 | ||
| 008 | 008 250505s9999 xx 000 0 eng d | ||
| 020 | _a0-393-05545-0 | ||
| 037 | _aTextual | ||
| 040 |
_aFEDL _beng _cFEDL |
||
| 041 |
_aeng _2eng |
||
| 084 |
_a330, BUN _qFEDL |
||
| 100 | _aBundy William p. | ||
| 245 | 0 | _aWorld economic crisis | |
| 260 |
_aNew York, USA _bW. W. Norton and Company _c1975 |
||
| 300 | _a252p | ||
| 650 | _aEconomics | ||
| 942 |
_cTEXL _h330, BUN |
||
| 999 |
_c1372871 _d1372871 |
||